Statistics for Islands of Canada by Size

Click here to take the quiz!

General Stats

  • This quiz has been taken 10 times
  • The average score is 13 of 25

Answer Stats

Province/TerritoryIslandPopulation% Correct
NunavutBaffin Island13,100
100%
NunavutEllesmere Island200
89%
________Newfoundland492,500
89%
________Prince Edward Island142,900
89%
Northwest TerritoriesBanks Island100
78%
NWT / NunavutVictoria Island2,100
78%
British ColumbiaVancouver Island813,500
67%
NunavutBathurst Island0
56%
Nova ScotiaCape Breton Island132,000
56%
NunavutDevon Island0
56%
NunavutSouthampton Island900
56%
QuebecAnticosti Island200
44%
NunavutAxel Heiberg Island0
44%
NunavutBylot Island0
44%
NunavutCornwallis Island200
44%
NunavutEllef Ringnes Island0
44%
NunavutKing William Island1,300
44%
NWT / NunavutMelville Island0
44%
NunavutPrince Charles Island0
44%
NunavutPrince of Wales Island0
44%
Northwest TerritoriesPrince Patrick Island0
44%
NunavutSomerset Island0
33%
NunavutAmund Rignes Island0
11%
NunavutCoats Island0
11%
British ColumbiaGraham Island4,500
11%

Score Distribution

Percentile by Number Answered

Percent of People with Each Score

Your Score History

You have not taken this quiz